header

An introduction to bond markets (Record no. 221813)

MARC details
000 -LEADER
fixed length control field 03259nam a2200385 a 4500
082 04 - DEWEY DECIMAL CLASSIFICATION NUMBER
Classification number 332.63/23
100 1# - MAIN ENTRY--AUTHOR NAME
Personal name Choudhry, Moorad.
245 13 - TITLE STATEMENT
Title An introduction to bond markets
250 ## - EDITION STATEMENT
Edition statement 4th ed.
260 ## - PUBLICATION, DISTRIBUTION, ETC. (IMPRINT)
Place of publication Chichester, West Sussex ;
-- New York :
Name of publisher Wiley,
Year of publication 2010.
300 ## - PHYSICAL DESCRIPTION
Number of Pages xxiv, 445 p. :
Other physical details ill., port.
500 ## - GENERAL NOTE
General note Prev. ed. published: Chichester, England ; Hoboken, NJ : Wiley, c2006.
520 ## - SUMMARY, ETC.
Summary, etc "The bond markets are a vital part of the world economy. The fourth edition of Professor Moorad Choudhry's benchmark reference text An Introduction to Bond Markets brings readers up to date with latest developments and market practice, including the impact of the financial crisis and issues of relevance for investors. This book offers a detailed yet accessible look at bond instruments, and is aimed specifically at newcomers to the market or those unfamiliar with modern fixed income products. The author capitalises on his wealth of experience in the fixed income markets to present this concise yet in-depth coverage of bonds and associated derivatives.Topics covered include:Bond pricing and yieldDuration and convexityEurobonds and convertible bondsStructured finance securitiesInterest-rate derivativesCredit derivativesRelative value tradingRelated topics such as the money markets and principles of risk management are also introduced as necessary background for students and practitioners. The book is essential reading for all those who require an introduction to the financial markets"--
Summary, etc "Introduction to the Bond Markets provides a comprehensive, authoritative description of the bond markets. The contents describe and define bonds within the context of the capital markets and the different types of bonds that are traded. There is also a detailed look at the analytical techniques used in the market by traders and fund managers. This new edition will be completely updated to reflect the many changes the industry has seen because of the financial crisis. In addition to a complete update, wholesale changes will be made to most chapters, taking out obsolete markets and products such as CDOs and warrants, and introducing readers to emerging markets and new issues such as Abu Dhabi issues"--
650 #0 - SUBJECT ADDED ENTRY--TOPICAL TERM
Topical Term Bonds.
Topical Term Bond market.
856 40 - ELECTRONIC LOCATION AND ACCESS
Uniform Resource Identifier http://site.ebrary.com/lib/rucke/Doc?id=10469633
520 ## - SUMMARY, ETC.
-- Provided by publisher.
-- Provided by publisher.

No items available.

© 2026 Rongo University
Contact us: librarian | system librarian | Rongo university